<?xml version="1.0" encoding="UTF-8"?>
<record
    xmlns:xsi="http://www.w3.org/2001/XMLSchema-instance"
    xsi:schemaLocation="http://www.loc.gov/MARC21/slim http://www.loc.gov/standards/marcxml/schema/MARC21slim.xsd"
    xmlns="http://www.loc.gov/MARC21/slim">

  <leader>02060nam a2200289 a 4500</leader>
  <controlfield tag="001">BRCA_8734</controlfield>
  <controlfield tag="005">20190320210401.0</controlfield>
  <controlfield tag="008">220217s--------sp-#######---#000-0#spa-#</controlfield>
  <datafield tag="041" ind1=" " ind2=" ">
    <subfield code="a">spa</subfield>
  </datafield>
  <datafield tag="044" ind1=" " ind2=" ">
    <subfield code="a">sp</subfield>
  </datafield>
  <datafield tag="084" ind1=" " ind2=" ">
    <subfield code="a">BE90</subfield>
    <subfield code="b">.C47</subfield>
  </datafield>
  <datafield tag="100" ind1="1" ind2=" ">
    <subfield code="a">Cesena, Juan Angel de</subfield>
    <subfield code="9">21738</subfield>
  </datafield>
  <datafield tag="245" ind1="1" ind2="0">
    <subfield code="a">Compendio de la rhetorica</subfield>
    <subfield code="b">en que se da un f&#xE1;cil, y utilisimo methodo de ense&#xF1;ar el Arte Oratoria: dividido en dos partes, en la primera de las quales se trata de la Invencion, y de la Disposicion : y en la segunda de la Elocucion, Pronunciacion, Accion, y Memoria : va a&#xF1;adido al fin un Tratado de las Controversias Oratorias que miran mas de cerca las Materias Legales, y una Breve Instruccion &#xE0; un Predicador nuevo</subfield>
    <subfield code="c">compuesto en italiano por el R.P. Fr. Juan Angel de Cesena ... ; y traducido en espa&#xF1;ol por Fr. Raymundo Joseph Rebollida ...</subfield>
  </datafield>
  <datafield tag="250" ind1=" " ind2=" ">
    <subfield code="a">2a ed.</subfield>
  </datafield>
  <datafield tag="260" ind1=" " ind2=" ">
    <subfield code="a">Madrid</subfield>
    <subfield code="b">En la Imprenta de Carlos Gibert, y Tut&#xF3;</subfield>
  </datafield>
  <datafield tag="300" ind1=" " ind2=" ">
    <subfield code="a">[18], 590 p. (t.1)</subfield>
    <subfield code="c">20.8 x 15.5 cm</subfield>
  </datafield>
  <datafield tag="500" ind1=" " ind2=" ">
    <subfield code="a">Con las licencias necesarias.</subfield>
  </datafield>
  <datafield tag="500" ind1=" " ind2=" ">
    <subfield code="a">Con marca de fuego: &#x201C;Procedencia de la marca: Convento de San Francisco de Quer&#xE9;taro(1). Instituci&#xF3;n: Orden de Frailes Menores. Provincia de San Pedro y San Pablo de Michoac&#xE1;n. Descripci&#xF3;n: Monograma: Letras iniciales S[an] F[rancisco] D[e] Q[uer&#xE9;tar]o. Observaciones: David Saavedra la asigna a la Academia de Dibujo de San Fernando de Quer&#xE9;taro; Carlos Krausse al Colegio de Propaganda Fide de San Fernando de M&#xE9;xico. Ubicaci&#xF3;n de la marca en el libro: Canto superior, inferior y frontal&#x201D;</subfield>
  </datafield>
  <datafield tag="500" ind1=" " ind2=" ">
    <subfield code="a">Estado f&#xED;sico: presenta encuadernaci&#xF3;n en pergamino con lomo semi desprendido y cintas rotas</subfield>
  </datafield>
  <datafield tag="650" ind1="1" ind2="4">
    <subfield code="a">Ret&#xF3;rica</subfield>
    <subfield code="y">Obras anteriores a 1800</subfield>
    <subfield code="9">21739</subfield>
  </datafield>
  <datafield tag="650" ind1="1" ind2="4">
    <subfield code="a">Oratoria</subfield>
    <subfield code="y">Obras anteriores a 1800</subfield>
    <subfield code="9">21740</subfield>
  </datafield>
  <datafield tag="700" ind1="1" ind2=" ">
    <subfield code="a">Rebodilla, Raymundo Joseph</subfield>
    <subfield code="e">tr.</subfield>
    <subfield code="9">21741</subfield>
  </datafield>
  <datafield tag="700" ind1="1" ind2=" ">
    <subfield code="a">Gibert y Tut&#xF3;, Carlos</subfield>
    <subfield code="e">Impresor</subfield>
    <subfield code="9">21742</subfield>
  </datafield>
  <datafield tag="856" ind1=" " ind2=" ">
    <subfield code="a">http://www.marcasdefuego.buap.mx:8180/xmLibris/projects/firebrand/item.jsp?repository=marcas_de_fuego&amp;key=6faee58a.xml&amp;num=15</subfield>
  </datafield>
  <datafield tag="902" ind1=" " ind2=" ">
    <subfield code="a">CFM</subfield>
  </datafield>
  <datafield tag="942" ind1=" " ind2=" ">
    <subfield code="2">lcc</subfield>
    <subfield code="c">B</subfield>
  </datafield>
  <datafield tag="999" ind1=" " ind2=" ">
    <subfield code="c">8386</subfield>
    <subfield code="d">8386</subfield>
  </datafield>
  <datafield tag="952" ind1=" " ind2=" ">
    <subfield code="0">0</subfield>
    <subfield code="1">0</subfield>
    <subfield code="4">0</subfield>
    <subfield code="7">0</subfield>
    <subfield code="a">BRCA</subfield>
    <subfield code="b">BRCA</subfield>
    <subfield code="d">2017-02-22</subfield>
    <subfield code="l">0</subfield>
    <subfield code="o">BE90 .C47</subfield>
    <subfield code="p">CFM00070</subfield>
    <subfield code="r">2019-03-22 00:00:00</subfield>
    <subfield code="w">2019-03-22</subfield>
    <subfield code="y">B</subfield>
  </datafield>
</record>
